00346 2200145 4500001002100000005001500021035002000036245005000056100001800106300001100124260003100135082000800166084001400174990001200188INLIS00000000000231620250528092252 a0010-05250006081 a90 Menit Bersama Aristoteles /cPaul Stratern0 aPaul Stratern a77 hlm aJakarta :bErlangga,c2001 a100 a100 PAU s a0713094